[Event "Saint Louis Spring-A"]
[Site "Saint Louis"]
[Date "2017.05.21"]
[Round "6"]
[White "Kacheishvili, Giorgi"]
[Black "Swiercz, Dariusz"]
[Result "1/2-1/2"]
[WhiteElo "2590"]
[BlackElo "2649"]
[PlyCount "60"]
[EventDate "2017.05.16"]
[EventType "tourn"]
[EventRounds "9"]
[EventCountry "USA"]
[EventCategory "16"]
[SourceTitle "CBM 179"]
[Source "ChessBase"]
[SourceDate "2017.07.12"]
[SourceVersion "1"]
[SourceVersionDate "2017.07.12"]
[SourceQuality "1"]

1. d4 Nf6 2. c4 e6 3. Nf3 d5 4. Nc3 Bb4 5. Qb3 c5 6. dxc5 Nc6 7. Bg5 Qa5 8. Bxf6 dxc4 9. Qxc4 gxf6 10. Rc1 Qxc5 11. Qh4 Ke7 12. g3 Bxc3+ 13. Rxc3 Qb4 14. Qxb4+ Nxb4 15. e4 Bd7 16. a3 Nc6 17. Bd3 Rac8 18. Kd2 Ne5 19. Nxe5 fxe5 20. Rhc1 Rxc3 21. Rxc3 Rc8 22. Rxc8 Bxc8 23. b4 b6 24. Ke3 f6 25. Bb5 Bb7 26. f3 Kf7 27. Kf2 Ke7 28. g4 a6 29. Bc4 b5 30. Bb3 Bc6 1/2-1/2

[Event "Saint Louis Spring-A"]
[Site "Saint Louis"]
[Date "2017.05.19"]
[Round "4"]
[White "Kacheishvili, Giorgi"]
[Black "Mareco, Sandro"]
[Result "0-1"]
[WhiteElo "2590"]
[BlackElo "2648"]
[PlyCount "78"]
[EventDate "2017.05.16"]
[EventType "tourn"]
[EventRounds "9"]
[EventCountry "USA"]
[EventCategory "16"]
[SourceTitle "CBM 179"]
[Source "ChessBase"]
[SourceDate "2017.07.12"]
[SourceVersion "1"]
[SourceVersionDate "2017.07.12"]
[SourceQuality "1"]

1. d4 Nf6 2. c4 e6 3. Nf3 c5 4. d5 exd5 5. cxd5 d6 6. Nc3 g6 7. Bf4 a6 8. a4 Bg7 9. h3 0-0 10. e3 Qe7 11. Nd2 Nbd7 12. Nc4 Ne8 13. a5 Ne5 14. Nb6 Rb8 15. Be2 f5 16. 0-0 Nf6 17. Rc1 Nfd7 18. Nca4 g5 19. Bh2 f4 20. Kh1 Nxb6 21. Nxb6 fxe3 22. fxe3 Bf5 23. Qd2 g4 24. hxg4 Bxg4 25. Rf4 Bxe2 26. Qxe2 Ng6 27. Rg4 Rf5 28. Qd3 Rh5 29. Nc4 Be5 30. Rxg6+ Kh8 31. Rg4 Bxh2 32. Rf1 Rg8 33. Rf5 Rh4 34. Rxg8+ Kxg8 35. g3 Bxg3+ 36. Kg2 Rh2+ 37. Kf3 Qh4 38. Rf8+ Kxf8 39. Qf5+ Ke7 0-1

[Event "World op 44th"]
[Site "Philadelphia"]
[Date "2016.07.04"]
[Round "8"]
[White "Papp, Gabor"]
[Black "Kacheishvili, Giorgi"]
[Result "1-0"]
[WhiteElo "2596"]
[BlackElo "2589"]
[PlyCount "81"]
[EventDate "2016.06.30"]
[EventType "swiss"]
[EventRounds "9"]
[EventCountry "USA"]
[SourceTitle "CBM 173 Extra"]
[Source "ChessBase"]
[SourceDate "2016.08.29"]
[SourceVersion "1"]
[SourceVersionDate "2016.08.29"]
[SourceQuality "1"]

1. e4 e6 2. d4 d5 3. Nd2 Nf6 4. e5 Nfd7 5. f4 c5 6. Ngf3 Be7 7. c3 b6 8. Bb5 a6 9. Bd3 a5 10. a4 Ba6 11. Bb5 Qc8 12. 0-0 Nc6 13. Qe2 0-0 14. Nb1 c4 15. Na3 Bxb5 16. Nxb5 Na7 17. Nxa7 Rxa7 18. g4 Re8 19. Be3 f5 20. h3 Rf8 21. Kh2 b5 22. axb5 a4 23. Rg1 Nb6 24. Bf2 Qd8 25. Rg2 Ra5 26. Rag1 g6 27. h4 fxg4 28. Rxg4 Rf5 29. Nd2 Kf7 30. Nf1 Rh5 31. Ng3 Rxh4+ 32. Rxh4 Bxh4 33. f5 Qg5 34. Be3 Qe7 35. fxg6+ hxg6 36. Nh5 Nd7 37. Qf3+ Ke8 38. Rxg6 Rxb5 39. Kh3 Be1 40. Bg5 Qf7 41. Ng7+ 1-0

[Event "World op 44th"]
[Site "Philadelphia"]
[Date "2016.07.03"]
[Round "7"]
[White "Zherebukh, Yaroslav"]
[Black "Kacheishvili, Giorgi"]
[Result "1/2-1/2"]
[WhiteElo "2595"]
[BlackElo "2589"]
[PlyCount "76"]
[EventDate "2016.06.30"]
[EventType "swiss"]
[EventRounds "9"]
[EventCountry "USA"]
[SourceTitle "CBM 173 Extra"]
[Source "ChessBase"]
[SourceDate "2016.08.29"]
[SourceVersion "1"]
[SourceVersionDate "2016.08.29"]
[SourceQuality "1"]

1. d4 Nf6 2. c4 e6 3. Nf3 d5 4. Nc3 Bb4 5. cxd5 exd5 6. Qa4+ Nc6 7. Bg5 h6 8. Bxf6 Qxf6 9. e3 0-0 10. Be2 Be6 11. 0-0 a6 12. Rfc1 Bd6 13. Qd1 Ne7 14. Ne1 Nf5 15. Rab1 c6 16. b4 Qe7 17. Qb3 Rad8 18. Na4 Rfe8 19. Nc5 Bc8 20. Qc3 Bc7 21. Nf3 Nd6 22. a4 Bg4 23. Qe1 Bb8 24. Nd2 Bf5 25. Rb3 Bc8 26. b5 axb5 27. axb5 cxb5 28. Bxb5 Nxb5 29. Rxb5 b6 30. Nd3 Ba6 31. Rb3 Rc8 32. Nb4 Bc4 33. Nxc4 dxc4 34. Rbb1 Bd6 35. Na2 f5 36. Qd2 f4 37. exf4 b5 38. g3 Rb8 1/2-1/2

[Event "World op 44th"]
[Site "Philadelphia"]
[Date "2016.07.02"]
[Round "5"]
[White "Kacheishvili, Giorgi"]
[Black "Kamsky, Gata"]
[Result "1/2-1/2"]
[WhiteElo "2589"]
[BlackElo "2675"]
[PlyCount "20"]
[EventDate "2016.06.30"]
[EventType "swiss"]
[EventRounds "9"]
[EventCountry "USA"]
[SourceTitle "CBM 173 Extra"]
[Source "ChessBase"]
[SourceDate "2016.08.29"]
[SourceVersion "1"]
[SourceVersionDate "2016.08.29"]
[SourceQuality "1"]

1. d4 Nf6 2. c4 e6 3. Nf3 b6 4. e3 Bb7 5. Bd3 g6 6. Nc3 Bg7 7. e4 d6 8. 0-0 0-0 9. Re1 Nbd7 10. h3 e5 1/2-1/2

[Event "World op 44th"]
[Site "Philadelphia"]
[Date "2016.06.30"]
[Round "1"]
[White "Kacheishvili, Giorgi"]
[Black "Jacobson, Brandon"]
[Result "1-0"]
[WhiteElo "2589"]
[BlackElo "2200"]
[PlyCount "47"]
[EventDate "2016.06.30"]
[EventType "swiss"]
[EventRounds "9"]
[EventCountry "USA"]
[SourceTitle "CBM 173 Extra"]
[Source "ChessBase"]
[SourceDate "2016.08.29"]
[SourceVersion "1"]
[SourceVersionDate "2016.08.29"]
[SourceQuality "1"]

1. d4 f5 2. c4 e6 3. g3 Nf6 4. Bg2 Be7 5. Nf3 0-0 6. 0-0 d6 7. b3 Ne4 8. Bb2 Bf6 9. Ne1 Nc6 10. e3 e5 11. Nc2 a5 12. f3 Ng5 13. Nc3 exd4 14. Nd5 f4 15. exf4 Ne6 16. Re1 Bd7 17. Qd2 Qb8 18. f5 Nc5 19. Nxf6+ Rxf6 20. Nxd4 Nxd4 21. Bxd4 Rxf5 22. Re7 Rf7 23. Rxf7 Kxf7 24. Bxc5 1-0

[Event "USA tt KO"]
[Site "ICC INT"]
[Date "2015.11.10"]
[Round "1"]
[White "Kacheishvili, Giorgi"]
[Black "Katz, Alexander R"]
[Result "1-0"]
[WhiteElo "2589"]
[BlackElo "2339"]
[PlyCount "127"]
[EventDate "2015.11.10"]
[EventType "team-k.o."]
[EventRounds "3"]
[EventCountry "USA"]
[SourceTitle "CBM 169 Extra"]
[Source "ChessBase"]
[SourceDate "2015.12.18"]
[SourceVersion "1"]
[SourceVersionDate "2015.12.18"]
[SourceQuality "1"]
[WhiteTeam "Manhattan"]
[BlackTeam "New England"]
[WhiteTeamCountry "USA"]
[BlackTeamCountry "USA"]

1. c4 Nf6 2. Nc3 e6 3. d4 Bb4 4. g3 c5 5. Nf3 Ne4 6. Bd2 Nxd2 7. Qxd2 cxd4 8. Nxd4 0-0 9. Bg2 Nc6 10. a3 Bc5 11. e3 Bxd4 12. exd4 d5 13. c5 b6 14. b4 Qf6 15. Rd1 bxc5 16. dxc5 Qe5+ 17. Qe3 Rb8 18. b5 Qxe3+ 19. fxe3 Ne5 20. a4 Bd7 21. 0-0 Rfc8 22. c6 Bxc6 23. bxc6 Rxc6 24. Rb1 Rxb1 25. Rxb1 g5 26. Rb3 Ng4 27. Ne2 Rc4 28. h3 Ne5 29. Nc3 g4 30. Bf1 Rc5 31. Kg2 h5 32. Be2 Kg7 33. h4 Nc6 34. Kf2 d4 35. Nb5 dxe3+ 36. Rxe3 a6 37. Nd6 Nd4 38. Re4 e5 39. Ne8+ Kg6 40. Bxa6 f5 41. Re3 f4 42. Bd3+ Kf7 43. gxf4 Kxe8 44. Rxe5+ Rxe5 45. fxe5 Nf3 46. Bg6+ Ke7 47. Kg3 Nxe5 48. Bxh5 Kf6 49. Bxg4 Nd3 50. a5 Nc5 51. Kf4 Na6 52. Bf3 Nb4 53. Be4 Na6 54. h5 Nb4 55. h6 Na6 56. Ke3 Nc5 57. Bc2 Na6 58. Kd4 Nb4 59. Be4 Na6 60. Kc4 Nc7 61. Kc5 Na6+ 62. Kb5 Nb8 63. h7 Kg7 64. Bf5 1-0

[Event "USA tt Wildcard"]
[Site "ICC INT"]
[Date "2015.11.04"]
[Round "1"]
[White "Kacheishvili, Giorgi"]
[Black "Edelman, Daniel"]
[Result "1-0"]
[WhiteElo "2589"]
[BlackElo "2383"]
[PlyCount "127"]
[EventDate "2015.11.04"]
[EventType "team"]
[EventRounds "1"]
[EventCountry "USA"]
[SourceTitle "CBM 169 Extra"]
[Source "ChessBase"]
[SourceDate "2015.12.18"]
[SourceVersion "1"]
[SourceVersionDate "2015.12.18"]
[SourceQuality "1"]
[WhiteTeam "Manhattan"]
[BlackTeam "Connecticut"]
[WhiteTeamCountry "USA"]
[BlackTeamCountry "USA"]

1. d4 Nf6 2. c4 g6 3. Nc3 Bg7 4. e4 d6 5. Nf3 0-0 6. Be2 e5 7. 0-0 Nc6 8. d5 Ne7 9. Ne1 Nd7 10. Be3 f5 11. f3 f4 12. Bf2 g5 13. Rc1 Ng6 14. Nd3 Nf6 15. c5 Rf7 16. Kh1 Bf8 17. Rg1 h5 18. g3 g4 19. gxf4 exf4 20. cxd6 cxd6 21. Bd4 Bh6 22. e5 dxe5 23. Nxe5 Nxe5 24. Bxe5 Qe7 25. Bxf6 Qxf6 26. fxg4 f3 27. g5 Qf4 28. gxh6+ Bg4 29. Bxf3 Qxf3+ 30. Qxf3 Rxf3 31. Ne4 Kh7 32. Rxg4 hxg4 33. Ng5+ Kxh6 34. Nxf3 gxf3 35. Kg1 Kg5 36. d6 Kf4 37. d7 Rd8 38. Rd1 Ke3 39. Kf1 f2 40. Rd6 b5 41. b4 Kf3 42. Rf6+ Ke3 43. Re6+ Kf3 44. Re7 Kf4 45. h4 Kg4 46. Rh7 Rf8 47. h5 Kg5 48. h6 Rd8 49. Kxf2 Kg6 50. Re7 Kxh6 51. Ke3 Kg6 52. Kd4 Kf6 53. Rh7 Kg6 54. Kc5 Kxh7 55. Kc6 Kg7 56. Kc7 Ra8 57. d8Q Rxd8 58. Kxd8 Kf6 59. Kc7 Ke5 60. Kb7 Kd4 61. Kxa7 Kc3 62. a3 Kb3 63. Kb6 Ka4 64. Kc5 1-0

[Event "Las Vegas Millionaire op"]
[Site "Las Vegas"]
[Date "2014.10.11"]
[Round "5"]
[White "Fishbein, Alexander"]
[Black "Kacheishvili, Giorgi"]
[Result "1/2-1/2"]
[WhiteElo "2472"]
[BlackElo "2597"]
[PlyCount "104"]
[EventDate "2014.10.09"]
[EventType "swiss"]
[EventRounds "9"]
[EventCountry "USA"]
[SourceTitle "CBM 162 Extra"]
[Source "ChessBase"]
[SourceDate "2014.10.17"]
[SourceVersion "1"]
[SourceVersionDate "2014.10.17"]
[SourceQuality "1"]

1. e4 c5 2. Nf3 d6 3. d4 cxd4 4. Nxd4 Nf6 5. Nc3 Nc6 6. Be2 g6 7. Nb3 Bg7 8. 0-0 0-0 9. Bg5 a6 10. f4 b5 11. Bf3 Nd7 12. Rb1 Bb7 13. Nd5 f6 14. Bh4 e6 15. Nc3 g5 16. Bf2 Qe7 17. g3 gxf4 18. gxf4 Bh6 19. Bg2 Kh8 20. Bh4 Rg8 21. Ne2 Rg4 22. Bg3 Rag8 23. Kh1 Nb6 24. Nbd4 Nb8 25. c3 N8d7 26. Nc2 Nc5 27. Ne3 Bxe4 28. Nxg4 Rxg4 29. Nd4 f5 30. Re1 Qb7 31. Rxe4 Nxe4 32. Nxe6 Nc4 33. Qd4+ Bg7 34. Nxg7 Qxg7 35. Qxg7+ Kxg7 36. Bh3 Nxg3+ 37. hxg3 Rxg3 38. Bxf5 a5 39. Bd7 b4 40. cxb4 axb4 41. Be6 Ne3 42. a4 bxa3 43. bxa3 Kf6 44. Bd7 Nd5 45. a4 Nxf4 46. Ra1 Nd3 47. a5 Nc5 48. Bb5 Rg7 49. a6 Ra7 50. Rd1 Ke6 51. Re1+ Kd5 52. Rd1+ Ke5 1/2-1/2

[Event "Las Vegas Millionaire op"]
[Site "Las Vegas"]
[Date "2014.10.09"]
[Round "2"]
[White "Kacheishvili, Giorgi"]
[Black "Arngrimsson, Dagur"]
[Result "1/2-1/2"]
[WhiteElo "2597"]
[BlackElo "2376"]
[PlyCount "89"]
[EventDate "2014.10.09"]
[EventType "swiss"]
[EventRounds "9"]
[EventCountry "USA"]
[SourceTitle "CBM 162 Extra"]
[Source "ChessBase"]
[SourceDate "2014.10.17"]
[SourceVersion "1"]
[SourceVersionDate "2014.10.17"]
[SourceQuality "1"]

1. c4 e6 2. Nf3 d5 3. g3 Nf6 4. Bg2 Be7 5. 0-0 0-0 6. d4 c6 7. Qc2 Nbd7 8. Rd1 b6 9. b3 Bb7 10. Nc3 Rc8 11. e4 dxe4 12. Ng5 Re8 13. Ngxe4 Nf8 14. h4 Nxe4 15. Nxe4 f5 16. Ng5 Bf6 17. Nf3 c5 18. dxc5 Be4 19. Qe2 Qe7 20. Bb2 Bxb2 21. Qxb2 Rxc5 22. Ne1 Bxg2 23. Nxg2 Ng6 24. Re1 Qc7 25. Re2 f4 26. Qc3 Qc6 27. gxf4 b5 28. Rae1 bxc4 29. b4 Rh5 30. Re4 Nxh4 31. Nxh4 Rxh4 32. Qxc4 Qxc4 33. Rxc4 Re7 34. Kg2 Rh5 35. a4 Kf7 36. Kg3 Rd5 37. b5 Rd3+ 38. Re3 Rd1 39. Rc6 Ra1 40. Ra6 Kf6 41. Rc3 Rd1 42. Rc5 g6 43. Rc8 Rd3+ 44. f3 Rdd7 45. Ra8 1/2-1/2

[Event "North American op 23rd"]
[Site "Las Vegas"]
[Date "2013.12.28"]
[Round "5"]
[White "Erenburg, Sergey"]
[Black "Kacheishvili, Giorgi"]
[Result "1/2-1/2"]
[WhiteElo "2625"]
[BlackElo "2578"]
[PlyCount "23"]
[EventDate "2013.12.26"]
[EventType "swiss"]
[EventRounds "9"]
[EventCountry "USA"]
[SourceTitle "CBM 158 Extra"]
[Source "ChessBase"]
[SourceDate "2014.02.28"]
[SourceVersion "1"]
[SourceVersionDate "2014.02.28"]
[SourceQuality "1"]

1. e4 c5 2. Nf3 d6 3. d4 cxd4 4. Nxd4 Nf6 5. Nc3 Nc6 6. Bg5 e6 7. Qd2 a6 8. 0-0-0 h6 9. Be3 Qc7 10. f3 Rb8 11. Kb1 Ne5 12. f4 1/2-1/2

[Event "North American op 23rd"]
[Site "Las Vegas"]
[Date "2013.12.26"]
[Round "2"]
[White "Wang, Jue"]
[Black "Kacheishvili, Giorgi"]
[Result "0-1"]
[WhiteElo "2394"]
[BlackElo "2578"]
[PlyCount "48"]
[EventDate "2013.12.26"]
[EventType "swiss"]
[EventRounds "9"]
[EventCountry "USA"]
[SourceTitle "CBM 158 Extra"]
[Source "ChessBase"]
[SourceDate "2014.02.28"]
[SourceVersion "1"]
[SourceVersionDate "2014.02.28"]
[SourceQuality "1"]

1. e4 e6 2. d4 d5 3. Nc3 Bb4 4. a3 Bxc3+ 5. bxc3 dxe4 6. Qg4 Nf6 7. Qxg7 Rg8 8. Qh6 c5 9. Ne2 Bd7 10. a4 Bc6 11. a5 Nbd7 12. h3 Bb5 13. dxc5 Qc7 14. Be3 Nd5 15. Qxh7 N7f6 16. Qh4 0-0-0 17. a6 Bxa6 18. Bg5 Qxc5 19. Bxf6 Nxf6 20. Rxa6 Nd5 21. Ra1 Nxc3 22. Qf6 e5 23. Qf5+ Kb8 24. Nf4 Qa5 0-1

[Event "Chicago op 21st"]
[Site "Wheeling"]
[Date "2012.05.28"]
[Round "8"]
[White "Amanov, Mesgen"]
[Black "Kacheishvili, Giorgi"]
[Result "1-0"]
[WhiteElo "2518"]
[BlackElo "2598"]
[PlyCount "67"]
[EventDate "2012.05.24"]
[EventType "swiss"]
[EventRounds "9"]
[EventCountry "USA"]
[SourceTitle "CBM 148 Extra"]
[Source "ChessBase"]
[SourceDate "2012.06.22"]
[SourceVersion "1"]
[SourceVersionDate "2012.06.22"]
[SourceQuality "1"]

1. d4 g6 2. c4 Bg7 3. Nf3 d6 4. g3 c5 5. Bg2 Nc6 6. d5 Na5 7. 0-0 a6 8. Nbd2 b5 9. e4 Nh6 10. Rb1 bxc4 11. Re1 0-0 12. Qc2 e6 13. Nxc4 exd5 14. Bg5 f6 15. Nxa5 Qxa5 16. Bd2 Qxa2 17. Bf1 Rb8 18. Re3 f5 19. Ra3 Rxb2 20. Rxa2 Rxc2 21. Rxc2 fxe4 22. Ng5 Ng4 23. Bf4 h6 24. Bxd6 hxg5 25. Bxf8 Bxf8 26. Rb8 Be6 27. Rxc5 Ne5 28. Rd8 Kf7 29. Rcxd5 Bxd5 30. Rxd5 Ke6 31. Ra5 g4 32. Bxa6 Bh6 33. Bc8+ Kf6 34. Kg2 1-0

[Event "Chicago op 21st"]
[Site "Wheeling"]
[Date "2012.05.26"]
[Round "5"]
[White "Kacheishvili, Giorgi"]
[Black "Managadze, Nikoloz"]
[Result "1-0"]
[WhiteElo "2598"]
[BlackElo "2472"]
[PlyCount "117"]
[EventDate "2012.05.24"]
[EventType "swiss"]
[EventRounds "9"]
[EventCountry "USA"]
[SourceTitle "CBM 148 Extra"]
[Source "ChessBase"]
[SourceDate "2012.06.22"]
[SourceVersion "1"]
[SourceVersionDate "2012.06.22"]
[SourceQuality "1"]

1. d4 d6 2. Nc3 g6 3. g3 Bg7 4. Bg2 c6 5. e4 Nf6 6. h3 0-0 7. Nge2 e5 8. Be3 Nbd7 9. a4 Re8 10. 0-0 Qc7 11. g4 Nf8 12. Qd2 Be6 13. d5 Bc8 14. Ng3 c5 15. b4 b6 16. a5 Ba6 17. b5 Bb7 18. a6 Bc8 19. Bf3 Kh8 20. Kg2 Bd7 21. Rh1 Qc8 22. Be2 Ng8 23. Rag1 h6 24. Kf1 Nh7 25. h4 Bf8 26. g5 h5 27. Ke1 Ne7 28. Kd1 Bg7 29. Kc1 Rf8 30. f4 exf4 31. Bxf4 Qc7 32. e5 Nf5 33. exd6 Qc8 34. Nxf5 Bxf5 35. Re1 Rd8 36. Bc4 Bf8 37. Re7 Rd7 38. Rhe1 Kg8 39. R1e3 Qb8 40. Bg3 Qd8 41. Qe1 Qc8 42. Kb2 Rb8 43. Kb3 Ra8 44. Bf4 Qb8 45. Ne2 Bg4 46. Bg3 Rxd6 47. Qf2 Bxe7 48. Rxe7 Bf5 49. Qh2 Rd7 50. Rxd7 Qe8 51. Rb7 Qe3+ 52. Nc3 Nf8 53. Rb8 Rxb8 54. Bxb8 Nd7 55. Bxa7 Ne5 56. Qe2 Qd4 57. Bxb6 Bxc2+ 58. Kxc2 Nxc4 59. Qxc4 1-0

[Event "Chicago op 21st"]
[Site "Wheeling"]
[Date "2012.05.25"]
[Round "3"]
[White "Kacheishvili, Giorgi"]
[Black "Shabalov, Alexander"]
[Result "1/2-1/2"]
[WhiteElo "2598"]
[BlackElo "2534"]
[PlyCount "37"]
[EventDate "2012.05.24"]
[EventType "swiss"]
[EventRounds "9"]
[EventCountry "USA"]
[SourceTitle "CBM 148 Extra"]
[Source "ChessBase"]
[SourceDate "2012.06.22"]
[SourceVersion "1"]
[SourceVersionDate "2012.06.22"]
[SourceQuality "1"]

1. d4 d5 2. c4 c6 3. Nf3 Nf6 4. Nc3 e6 5. cxd5 cxd5 6. Bf4 Nc6 7. e3 Be7 8. Ne5 Nd7 9. Nf3 a6 10. Rc1 0-0 11. Bd3 Re8 12. 0-0 Bf6 13. Bb1 Nb6 14. Qe2 Bd7 15. Rfd1 Rc8 16. e4 Nxd4 17. Nxd4 e5 18. Qd3 g6 19. Be3 1/2-1/2

[Event "Philadelphia op 6th"]
[Site "Philadelphia"]
[Date "2012.04.08"]
[Round "8"]
[White "Kekelidze, Mikheil"]
[Black "Kacheishvili, Giorgi"]
[Result "1-0"]
[WhiteElo "2473"]
[BlackElo "2612"]
[PlyCount "51"]
[EventDate "2012.04.04"]
[EventType "swiss"]
[EventRounds "9"]
[EventCountry "USA"]
[SourceTitle "CBM 147 Extra"]
[Source "ChessBase"]
[SourceDate "2012.04.24"]
[SourceVersion "1"]
[SourceVersionDate "2012.04.24"]
[SourceQuality "1"]

1. Nf3 c5 2. e4 d6 3. d4 cxd4 4. Qxd4 a6 5. Be3 Bg4 6. Nc3 Nf6 7. e5 Nc6 8. Qa4 b5 9. Bxb5 axb5 10. Qxb5 Qc8 11. exf6 Rb8 12. Qa4 Rb4 13. Qa3 e6 14. fxg7 Bxg7 15. 0-0-0 Qc7 16. Rd4 Bxf3 17. Rxb4 Nxb4 18. Qxb4 Bxc3 19. bxc3 Bxg2 20. Rd1 d5 21. Qg4 Be4 22. Qg7 Rf8 23. Bh6 Kd7 24. Qxf8 Qxc3 25. Qxf7+ Kd6 26. Qf8+ 1-0

[Event "Philadelphia op 6th"]
[Site "Philadelphia"]
[Date "2012.04.08"]
[Round "9"]
[White "Rouleau, John S"]
[Black "Kacheishvili, Giorgi"]
[Result "0-1"]
[WhiteElo "2290"]
[BlackElo "2612"]
[PlyCount "56"]
[EventDate "2012.04.04"]
[EventType "swiss"]
[EventRounds "9"]
[EventCountry "USA"]
[SourceTitle "CBM 147 Extra"]
[Source "ChessBase"]
[SourceDate "2012.04.24"]
[SourceVersion "1"]
[SourceVersionDate "2012.04.24"]
[SourceQuality "1"]

1. e4 c6 2. d4 d5 3. Nc3 dxe4 4. Nxe4 Bf5 5. Ng3 Bg6 6. h4 h6 7. N1e2 Nf6 8. Nf4 Bh7 9. Bc4 e6 10. Qe2 Bd6 11. Nfh5 Nxh5 12. Nxh5 Rg8 13. Bf4 Bxf4 14. Nxf4 Qa5+ 15. c3 Nd7 16. b4 Qc7 17. g3 0-0-0 18. 0-0 g5 19. hxg5 Rxg5 20. Ng2 Rdg8 21. Bd3 Bxd3 22. Qxd3 h5 23. Rfd1 h4 24. Nxh4 Rxg3+ 25. fxg3 Rxg3+ 26. Kf2 Rxd3 27. Rxd3 Qf4+ 28. Nf3 e5 0-1

[Event "Philadelphia op 6th"]
[Site "Philadelphia"]
[Date "2012.04.07"]
[Round "7"]
[White "Kacheishvili, Giorgi"]
[Black "Vucic, Mladen"]
[Result "1-0"]
[WhiteElo "2612"]
[BlackElo "2328"]
[PlyCount "83"]
[EventDate "2012.04.04"]
[EventType "swiss"]
[EventRounds "9"]
[EventCountry "USA"]
[SourceTitle "CBM 147 Extra"]
[Source "ChessBase"]
[SourceDate "2012.04.24"]
[SourceVersion "1"]
[SourceVersionDate "2012.04.24"]
[SourceQuality "1"]

1. d4 d5 2. Nf3 Nf6 3. c4 c6 4. Nc3 e6 5. Bg5 h6 6. Bh4 dxc4 7. e4 g5 8. Bg3 b5 9. Be2 a6 10. Qc2 Bb7 11. Rd1 Nbd7 12. h4 g4 13. Ne5 Rg8 14. 0-0 Nxe5 15. Bxe5 Nd7 16. Bg3 Qf6 17. b3 cxb3 18. Qxb3 e5 19. Rd2 exd4 20. e5 Qe6 21. Qxe6+ fxe6 22. Rxd4 b4 23. Ne4 c5 24. Nd6+ Bxd6 25. Rxd6 Bd5 26. Bxa6 Rb8 27. Rc1 Bxa2 28. Rcd1 Rg7 29. Bf4 h5 30. Bh6 Rh7 31. Be3 Bd5 32. Bd3 Rh8 33. Bg6+ Kd8 34. R1xd5 exd5 35. Bf5 Rb7 36. e6 Ke7 37. Rxd7+ Rxd7 38. Bg5+ Kd6 39. exd7 Kc7 40. d8Q+ Rxd8 41. Bxd8+ Kxd8 42. Be6 1-0

[Event "Philadelphia op 6th"]
[Site "Philadelphia"]
[Date "2012.04.06"]
[Round "5"]
[White "Kacheishvili, Giorgi"]
[Black "Shankland, Samuel L"]
[Result "0-1"]
[WhiteElo "2612"]
[BlackElo "2580"]
[PlyCount "76"]
[EventDate "2012.04.04"]
[EventType "swiss"]
[EventRounds "9"]
[EventCountry "USA"]
[SourceTitle "CBM 147 Extra"]
[Source "ChessBase"]
[SourceDate "2012.04.24"]
[SourceVersion "1"]
[SourceVersionDate "2012.04.24"]
[SourceQuality "1"]

1. d4 Nf6 2. Nf3 g6 3. Bg5 Bg7 4. Nbd2 0-0 5. c3 d6 6. e4 c5 7. dxc5 dxc5 8. Bc4 Nc6 9. 0-0 Na5 10. Be2 Be6 11. Bf4 h6 12. h3 Qb6 13. Qc2 Rfd8 14. Rfe1 Rac8 15. Bf1 Nd7 16. e5 Qc7 17. Bd3 Nc6 18. Bxg6 fxg6 19. Qxg6 Nf8 20. Qg3 Kh7 21. Ne4 b6 22. Re3 Qd7 23. Bxh6 Bxh6 24. Nfg5+ Kh8 25. Qh4 Kg7 26. Nf6 exf6 27. exf6+ Kg6 28. Rg3 Bxg5 29. Rxg5+ Kxf6 30. Re1 Kf7 31. f4 Ke8 32. f5 Qe7 33. fxe6 Rd6 34. Qh5+ Kd8 35. Qh8 Qxg5 36. Qxf8+ Kc7 37. e7 Nxe7 38. Rxe7+ Rd7 0-1

[Event "Philadelphia op 6th"]
[Site "Philadelphia"]
[Date "2012.04.05"]
[Round "3"]
[White "Kacheishvili, Giorgi"]
[Black "Shabalov, Alexander"]
[Result "1/2-1/2"]
[WhiteElo "2612"]
[BlackElo "2523"]
[PlyCount "53"]
[EventDate "2012.04.04"]
[EventType "swiss"]
[EventRounds "9"]
[EventCountry "USA"]
[SourceTitle "CBM 147 Extra"]
[Source "ChessBase"]
[SourceDate "2012.04.24"]
[SourceVersion "1"]
[SourceVersionDate "2012.04.24"]
[SourceQuality "1"]

1. d4 d5 2. c4 c6 3. Nf3 Nf6 4. Nc3 e6 5. Bg5 h6 6. Bh4 dxc4 7. e4 g5 8. Bg3 b5 9. Be2 Bb7 10. h4 g4 11. Ne5 Nbd7 12. Bxg4 Rg8 13. Bf3 Rxg3 14. fxg3 Nxe5 15. dxe5 Nd7 16. Bh5 Nxe5 17. 0-0 Bc5+ 18. Kh2 Qxd1 19. Raxd1 Ke7 20. b3 cxb3 21. axb3 Rg8 22. Kh3 Rg7 23. Rd2 a6 24. Rfd1 Rg8 25. Ne2 Be3 26. Rc2 Bf2 27. Bf3 1/2-1/2

[Event "Richardson UTD schev"]
[Site "Richardson"]
[Date "2012.03.16"]
[Round "10"]
[White "Chirila, Ioan Cristian"]
[Black "Kacheishvili, Giorgi"]
[Result "1/2-1/2"]
[WhiteElo "2539"]
[BlackElo "2612"]
[PlyCount "124"]
[EventDate "2012.03.10"]
[EventType "schev"]
[EventRounds "10"]
[EventCountry "USA"]
[SourceTitle "CBM 147 Extra"]
[Source "ChessBase"]
[SourceDate "2012.04.24"]
[SourceVersion "1"]
[SourceVersionDate "2012.04.24"]
[SourceQuality "1"]
[WhiteTeam "Dallas UT"]
[BlackTeam "Grandmasters"]
[WhiteTeamCountry "USA"]
[BlackTeamCountry "USA"]

1. d4 Nf6 2. c4 e6 3. Nf3 d5 4. Nc3 Bb4 5. Bg5 0-0 6. cxd5 exd5 7. Rc1 Nbd7 8. e3 h6 9. Bxf6 Nxf6 10. a3 Bd6 11. Nb5 Ne8 12. Qc2 c6 13. Nxd6 Nxd6 14. Bd3 Qf6 15. 0-0 Bf5 16. Nd2 Rfe8 17. b4 Bxd3 18. Qxd3 Re7 19. a4 a6 20. Rc3 h5 21. Rfc1 h4 22. h3 Rae8 23. Rb3 Qg5 24. Nf3 Qh6 25. Ne5 f6 26. Ng4 Qg5 27. Kh2 Re6 28. Rf1 Qh5 29. f4 Nc4 30. Rf3 Kf8 31. b5 cxb5 32. axb5 a5 33. b6 Qf7 34. Ne5 Nxe5 35. fxe5 Kg8 36. Qb5 Ra8 37. Ra3 Qe7 38. Qxd5 fxe5 39. dxe5 Kh8 40. Rxa5 Rxa5 41. Qxa5 Rxe5 42. Qc3 Re6 43. Qc7 Rxe3 44. Rxe3 Qxe3 45. Qd8+ Kh7 46. Qxh4+ Kg8 47. Qc4+ Kh7 48. Qc2+ Kh6 49. Qc7 Qe4 50. Kg3 Qe3+ 51. Kh2 Qe4 52. Qc5 g5 53. Qd6+ Kg7 54. Kg3 Kf7 55. Kf2 Kg7 56. g3 Qf5+ 57. Ke3 Qxh3 58. Qe7+ Kg6 59. Qxb7 Qxg3+ 60. Kd4 Qd6+ 61. Kc4 Qf4+ 62. Kc5 Qf2+ 1/2-1/2